| 000 | 00525nam a2200193 i 4500 | ||
|---|---|---|---|
| 001 | 21863 | ||
| 003 | ES-MaACL | ||
| 005 | 20250807013017.0 | ||
| 007 | t| | ||
| 008 | 021128s1977 sp ||||1| spa d | ||
| 100 | 1 |
_aAlemán, José A. _919713 |
|
| 245 | 1 | 0 |
_aCanarias, hoy _b: apuntes a un proceso histórico / _cJosé A. Alemán. |
| 250 | _a2ª ed. | ||
| 260 |
_a[Madrid] : _bTaller Ediciones JB, _c1977. |
||
| 300 |
_a95 p. ; _c18 cm. |
||
| 650 | 4 |
_a _9241631 |
|
| 852 |
_aES-MaACL _jA-7866 |
||
| 999 |
_c21863 _d21863 |
||